Management : Theory and application

Bibliographic Details
Main Author: Rue, Leslie W.
Other Authors: Byars, llyod L.
Format: Book
Published: Illinois : Richard D. Irwin , 1983
Edition:3rd ed
Subjects:

MARC

LEADER 00000cam a2200000 7i4500
001 0000002271
005 20021126.0
020 |a 0256028397 
040 |a INS 
090 0 0 |a HD31.   |b R797 1983 
100 1 |a Rue, Leslie W. 
245 1 0 |a Management :   |b Theory and application   |c Leslie W.Rue and Llyod L. Byars 
250 |a 3rd ed 
260 |a Illinois :   |b Richard D. Irwin ,   |c 1983 
300 |a xix, 686p ;   |c 23 cm. 
650 0 0 |a Management 
700 1 |a Byars, llyod L. 
999 |a 0000000570   |b BOOK   |c Open Shelf   |e Default branch